=LDR 00000nam 2200000 4500 =001 INLIS000000000011844 =005 20130612103404 =008 ***********************************Ind** =035 ##$$0010-061300000011844 =041 ##$$a Ind =082 ##$$a 46.045 2 =090 ##$$a 46.045 2, Sam m =100 ##$$a Sambudi =245 ##$$a Membuat aneka produk kerajinan dari fiber glass, Sanbudi, S.Sn =260 ##$$a 2004 $b Yogyakarta =650 ##$$a Fiber Glass =850 ##$$a NBPNMAT